Statistics for Unique Super Mario 64 DS Stars

Click here to take the quiz!

General Stats

  • This quiz has been taken 7 times
  • The average score is 4 of 29

Answer Stats

LevelNumberOriginal Counterpart Or ReplacementStar% Correct
Whomp's Fortress7NoneSwitch Star Of The Fortress
100%
Bob-Omb Battlefield3Shoot To The Island In The Sky5 Silver Stars!
75%
Bob-Omb Battlefield4NoneBig Bob-Omb's Revenge
75%
Jolly Roger Bay6NoneSwitch Star Of The Bay
50%
Tiny-Huge Island4Five Itty Bitty SecretsKlepto The Condor
25%
Hazy Maze Cave3Metal-Head Mario Can Move!Metal-Head Wario Can Move
25%
Big Boo's Haunt7NoneSwitch Star In The Basement
25%
Wet-Dry World3Secrets In The Shallows & Sky5 Secrets In The Shallows & Sky
0%
Tall, Tall Mountain6None5 Secrets Of The Mountain
0%
Tall, Tall Mountain7Breathtaking View From BridgeBreathtaking View From The Bridge
0%
Lethal Lava Land7NoneFlaming Silver Stars
0%
Wet-Dry World5Go To Town For Red CoinsGo To Town For The Red Coins
0%
Dire, Dire Docks6Collect The Caps...Inside The Cage
0%
Lethal Lava Land6Elevator Tour In The VolcanoInside The Volcano
0%
Dire, Dire Docks5NoneKoopa Surfin' Switch Star
0%
Tick Tock Clock1Roll Into The CageLuigi In The Cage
0%
Cool, Cool Mountain6Wall Kicks Will WorkMario's Super Wall Kick
0%
Snowman's Land7Shell Shreddin' For Red CoinsRed Coins In The House
0%
Snowman's Land5NoneSnowman's Silver Star
0%
Wet-Dry World7NoneSoaked Silver Stars
0%
Cool, Cool Mountain7NoneSwitch Star Of Cool, Cool Mountain
0%
Rainbow Ride7NoneSwitch Star Of The Manor
0%
Tiny-Huge Island7NoneSwitch Star On The Island
0%
Tick Tock Clock2The Pit And The PendulumsThe Pendulum Switch Star
0%
Tick Tock Clock7NoneTick Tock Silver Stars
0%
Shifting Sand Land5NoneTox Box Switch Star
0%
Jolly Roger Bay3Treasure Of The Ocean CaveTreasure In The Ocean Cave
0%
Hazy Maze Cave7NoneUnderground Switch Star
0%
Snowman's Land3In The Deep FreezeYoshi's Ice Sculpture
0%

Score Distribution

Percentile by Number Answered

Percent of People with Each Score

Your Score History

You have not taken this quiz